Maximos campeones de Champions league - Estadísticas

Estadísticas generales
  • Esta prueba ha sido intentada 90 veces
  • La puntuación promedio es 5 de 16
Estadísticas de respuestas
Hint Respuesta % Correcto
Real Madrid - Manchester United Cristiano Ronaldo
96%
Real Madrid Luka Modric
63%
Real Madrid Dani Carvajal
49%
Real Madrid Nacho Fernandez
38%
Real Madrid Paco Gento
36%
Barcelona - Manchester United Gerard Pique
35%
Barcelona Andres Iniesta
34%
Real Madrid Karim Benzema
31%
A.C Milan Paolo Maldini
31%
Barcelona Xavi Hernandez
31%
Ajax - Real Madrid - Milan Clarence Seedorf
25%
Real Madrid Casemiro
20%
Real Madrid Alfredo Di Stefano
18%
Real Madrid Toni Kross
15%
Real Madrid Isco Alarcon
9%
Barcelona Leonel Messi
9%
No se encontraron pruebas coincidentes
Distribución de puntuación
Porcentaje de gente con cada puntuación
Porcentaje por número respondido
Historial de tus puntuaciones
No has intentado esta prueba.